[Event "88th Hastings Masters"]
[Site "Hastings ENG"]
[Date "2013.01.01"]
[Round "5.28"]
[White "Safarian, Alek"]
[Black "Zhou, Yang-Fan"]
[Result "0-1"]
[BlackTitle "IM"]
[WhiteElo "2050"]
[BlackElo "2419"]
[WhiteFideId "3202135"]
[BlackFideId "468584"]
[EventDate "2012.12.28"]

1. d4 Nf6 2. c4 g6 3. Nc3 Bg7 4. e4 O-O 5. f3 Nc6 6. Be3 e5 7. d5 Nd4 8. Nge2 c5
9. dxc6 dxc6 10. Nxd4 exd4 11. Bxd4 Nxe4 12. Qc2 Bxd4 13. Nxe4 f5 14. Nf2 Qa5+
15. Kd1 Be6 16. Bd3 Qb6 17. Re1 Bf7 18. Nh3 Rad8 19. Rb1 Rfe8 20. Rxe8+ Rxe8 21.
Ng5 Bf6 22. Nh3 Qa5 23. b4 Qe5 24. Qd2 Qxh2 25. Ng5 Bxg5 26. Qxg5 Qg1+ 27. Kc2
Qd4 28. c5 Bxa2 29. Rb2 Re3 30. Qxe3 Qxe3 31. Rxa2 a6 32. Kc3 Kg7 33. Re2 Qc1+
34. Kd4 Kf6 35. Bc4 Qa1+ 0-1

[Event "88th Hastings Masters"]
[Site "Hastings ENG"]
[Date "2013.01.01"]
[Round "5.29"]
[White "Kwiatkowski, Feliks J"]
[Black "Armstrong, Malcolm J"]
[Result "1-0"]
[WhiteTitle "CM"]
[WhiteElo "2232"]
[BlackElo "2046"]
[WhiteFideId "401803"]
[BlackFideId "409049"]
[EventDate "2012.12.28"]

1. e4 e6 2. d4 d5 3. Nd2 dxe4 4. Nxe4 Bd7 5. Nf3 Bc6 6. Bd3 Nd7 7. O-O Ngf6 8.
Ng3 Be7 9. Re1 O-O 10. c3 a5 11. Bf4 Bxf3 12. Qxf3 c6 13. Rad1 Re8 14. Bc2 Nf8
15. a3 Qb6 16. Bc1 Rad8 17. Nf1 Qc7 18. Ne3 Ng6 19. Nc4 Nd7 20. Bxg6 hxg6 21.
Bf4 Qc8 22. Nxa5 Nf6 23. Nc4 Nd5 24. Bc1 Qc7 25. Ne5 Bf6 26. g3 c5 27. Qe4 c4
28. h4 b5 29. Kg2 Bxe5 30. dxe5 Rd7 31. Rh1 Red8 32. Rde1 Ne7 33. Bg5 Qb7 34. h5
Qxe4+ 35. Rxe4 gxh5 36. Rxh5 Re8 37. Bxe7 Rexe7 38. Reh4 f5 39. exf6 gxf6 40.
Rxb5 1-0

[Event "88th Hastings Masters"]
[Site "Hastings ENG"]
[Date "2013.01.01"]
[Round "5.31"]
[White "Flynn, David"]
[Black "Almond, Richard J"]
[Result "0-1"]
[WhiteElo "1921"]
[BlackElo "2112"]
[WhiteFideId "410594"]
[BlackFideId "404179"]
[EventDate "2012.12.28"]

1. e4 d5 2. exd5 Qxd5 3. Nf3 Bg4 4. Be2 Nc6 5. d4 O-O-O 6. Be3 e5 7. c3 Nf6 8.
O-O e4 9. Nfd2 Bxe2 10. Qxe2 Bd6 11. Nc4 Rhe8 12. Nxd6+ Qxd6 13. Nd2 Nd5 14.
Qg4+ Qe6 15. Qxg7 Rg8 16. Qh6 Rg6 17. Qh5 Nf6 18. Qe2 Qh3 19. f3 Rdg8 20. Rf2
exf3 21. Qxf3 Qxf3 22. Nxf3 Ng4 23. Nh4 Nxf2 24. Bxf2 Rg4 25. Re1 Kd7 26. Bg3
Re8 27. Rf1 Nd8 28. Nf3 Rge4 29. Ne5+ Ke7 30. Kf2 f5 31. Kg1 Rf8 32. Nd3 Ne6 33.
d5 Ng5 34. Bxc7 b6 35. Ne5 f4 36. h4 Nf7 37. Nd3 Nd6 38. Ne1 Kd7 39. Bxd6 Kxd6
40. Nf3 Kxd5 41. Rd1+ Kc6 42. Nd4+ Kb7 43. Nb5 Re7 44. Kf2 Ka6 45. Na3 Rg7 46.
Rh1 Rd7 47. Re1 Rg8 48. Re2 Rg4 49. h5 Rg5 50. Kf3 Rf7 51. Re4 Rg3+ 52. Kf2 Rfg7
53. Rxf4 Rxg2+ 54. Ke3 Rxb2 55. Ra4+ Kb7 56. Nc4 Rh2 57. Nd6+ Kc6 58. Nf5 Rh3+
59. Kf2 Rf7 60. Rc4+ Kd5 61. Rf4 Ke5 0-1

[Event "88th Hastings Masters"]
[Site "Hastings ENG"]
[Date "2013.01.01"]
[Round "5.32"]
[White "Lenier, Jude A"]
[Black "Hagen, Anders Gjerdrum"]
[Result "1/2-1/2"]
[WhiteElo "2069"]
[BlackElo "2126"]
[WhiteFideId "470678"]
[BlackFideId "1506650"]
[EventDate "2012.12.28"]

1. e4 c5 2. Nf3 Nc6 3. d4 cxd4 4. Nxd4 Nf6 5. Nc3 d6 6. Bg5 e6 7. Qd2 a6 8.
O-O-O Bd7 9. f3 h6 10. Be3 Qc7 11. g4 Ne5 12. h4 b5 13. Rg1 g6 14. g5 hxg5 15.
hxg5 Nh5 16. f4 Nc4 17. Bxc4 Qxc4 18. b3 Qc7 19. f5 Rc8 20. Kb2 b4 21. Nce2 a5
22. c4 bxc3+ 23. Nxc3 Qb7 24. Qd3 a4 25. Ndb5 axb3 26. axb3 Rb8 27. Ba7 Bxb5 28.
Nxb5 Nf4 29. Qxd6 Rh2+ 30. Ka1 Bxd6 31. Nxd6+ Kf8 32. Nxb7 Rxb7 33. Be3 Rxb3 34.
Rd8+ Ke7 35. Bxf4 Rf2 36. Bc7 Ra3+ 37. Kb1 1/2-1/2

[Event "88th Hastings Masters"]
[Site "Hastings ENG"]
[Date "2013.01.01"]
[Round "5.33"]
[White "Taylor, Adam C"]
[Black "Atako, Chino C"]
[Result "1/2-1/2"]
[WhiteElo "1950"]
[BlackElo "2117"]
[WhiteFideId "424668"]
[BlackFideId "468649"]
[EventDate "2012.12.28"]

1. c4 e5 2. g3 Nc6 3. Nc3 Nf6 4. Bg2 Bb4 5. Nf3 O-O 6. Nd5 Bc5 7. O-O d6 8. d3
h6 9. a3 a5 10. e3 Bg4 11. h3 Bd7 12. b3 Ba7 13. Nxf6+ Qxf6 14. Bb2 Rfe8 15. Kh2
Rad8 16. Qd2 Bb6 17. d4 Bf5 18. Nh4 Bc8 19. d5 Nb8 20. f4 Qe7 21. fxe5 dxe5 22.
b4 axb4 23. axb4 c5 24. b5 Qd6 25. e4 Rf8 26. Bc3 Bc7 27. Qb2 Rde8 28. Ra3 Bd8
29. Nf3 Nd7 30. Ra8 Bc7 31. Raa1 1/2-1/2

[Event "88th Hastings Masters"]
[Site "Hastings ENG"]
[Date "2013.01.01"]
[Round "5.34"]
[White "Gregory, Stephen J"]
[Black "Tarhon, Brian"]
[Result "0-1"]
[WhiteElo "2086"]
[BlackElo "1844"]
[WhiteFideId "410837"]
[BlackFideId "423190"]
[EventDate "2012.12.28"]

1. e4 c5 2. Nf3 e6 3. d3 Nc6 4. g3 g6 5. Bg2 Bg7 6. O-O Nge7 7. Re1 d6 8. c3 O-O
9. Be3 Rb8 10. Qd2 b5 11. Bh6 e5 12. Bxg7 Kxg7 13. d4 Qb6 14. dxc5 dxc5 15. Na3
Rd8 16. Qe3 f6 17. Bf1 a6 18. h3 Be6 19. Nh2 g5 20. Be2 Bf7 21. Kh1 c4 22. Qf3
f5 23. Kg1 fxe4 24. Qxe4 Bg6 25. Qg2 e4 26. Ng4 h5 27. Ne3 Nd5 28. Nac2 Nxe3 29.
Nxe3 Ne5 30. g4 hxg4 31. Nxg4 Nd3 32. Bxd3 Rxd3 33. Ne5 Qf6 34. Nxd3 cxd3 35.
Rad1 Rd8 36. Rd2 Qf4 37. Re3 Rh8 38. Kf1 Bf5 39. Ke1 Kf6 40. Kd1 g4 41. hxg4
Bxg4+ 42. Kc1 Bf3 43. Rxf3 exf3 44. Qf1 Rd8 45. Qd1 Qe4 46. Kb1 Qf5 47. a4 Qe4
48. axb5 axb5 49. b3 Qf5 50. Kb2 Qd5 51. Qf1 b4 52. cxb4 Qd4+ 53. Kb1 Ra8 54.
Rb2 d2 55. Qd1 Qd3+ 0-1

[Event "88th Hastings Masters"]
[Site "Hastings ENG"]
[Date "2013.01.01"]
[Round "5.35"]
[White "Anderson, John"]
[Black "Shierlaw, Hamish"]
[Result "1-0"]
[WhiteElo "2161"]
[BlackElo "1582"]
[WhiteFideId "405353"]
[BlackFideId "4301765"]
[EventDate "2012.12.28"]

1. e4 e5 2. Nf3 Nc6 3. Bb5 a6 4. Bxc6 dxc6 5. O-O Qd6 6. Na3 b5 7. Qe2 Bg4 8. c3
c5 9. Rd1 Rd8 10. d3 Qf6 11. Nc2 Bxf3 12. Qxf3 Qxf3 13. gxf3 Bd6 14. a4 b4 15.
Ne3 Ne7 16. Nc4 Nc8 17. Bd2 bxc3 18. bxc3 Nb6 19. Ne3 Rb8 20. Rdb1 O-O 21. Rb2
Nd7 22. Rab1 Rxb2 23. Rxb2 Rb8 24. Rxb8+ Nxb8 25. Nc4 Nc6 26. Kg2 Kf8 27. Kg3
Ke7 28. f4 f6 29. fxe5 Nxe5 30. Nxe5 Bxe5+ 31. f4 Bd6 32. h4 g6 33. Kf3 Ke6 34.
Ke2 c6 35. Kd1 Kd7 36. Kc2 a5 37. Kb3 Bc7 38. Kc4 Kd6 39. Be3 Bb6 40. Bf2 Ba7
41. Bg1 Bb6 42. Be3 Ba7 43. Bc1 Bb6 44. Ba3 Bc7 45. Bxc5+ Ke6 46. Be3 Kd6 47. d4
Bb8 48. Kd3 Bc7 49. c4 Ke6 50. d5+ cxd5 51. cxd5+ Kd6 52. Kc4 Bd8 53. Bc5+ Kd7
54. Bf2 Kd6 55. Bg3 Kd7 56. e5 fxe5 57. fxe5 Kc7 58. Kc5 Kd7 59. e6+ Ke8 60. d6
Bf6 61. Kb6 Bc3 62. Kc7 Bf6 63. e7 Bxe7 64. dxe7 Kxe7 65. Be1 h6 66. Bxa5 g5 67.
hxg5 hxg5 68. Bb6 1-0

[Event "88th Hastings Masters"]
[Site "Hastings ENG"]
[Date "2013.01.01"]
[Round "5.36"]
[White "Maroroa, Sue"]
[Black "Higgs, Joshua"]
[Result "1-0"]
[WhiteTitle "WIM"]
[WhiteElo "2037"]
[BlackElo "1792"]
[WhiteFideId "4301498"]
[BlackFideId "426920"]
[EventDate "2012.12.28"]

1. e4 e5 2. Nf3 Nc6 3. Bc4 Bc5 4. O-O Nf6 5. d4 exd4 6. e5 d5 7. exf6 dxc4 8.
fxg7 Rg8 9. Re1+ Be6 10. Bg5 Be7 11. Bxe7 Qxe7 12. Nxd4 Rd8 13. c3 Nxd4 14. cxd4
Rxg7 15. Nc3 Kf8 16. Re5 Qd6 17. Qf3 c6 18. Rae1 Rg6 19. R1e4 b5 20. Qh5 b4 21.
Na4 Bd5 22. Rg4 Rxg4 23. Qxg4 Qg6 24. Qxg6 hxg6 25. f3 f6 26. Re1 Bf7 27. Rd1 a5
28. Rd2 Re8 29. Kf2 Bd5 30. Nb6 Ke7 31. Rc2 Kd6 32. Nxc4+ Bxc4 33. Rxc4 Kd5 34.
Rc5+ Kxd4 35. Rxc6 Kd3 36. Kf1 g5 37. a3 Rh8 38. Rc5 bxa3 39. bxa3 Rxh2 40. Rxa5
Ke3 41. Kg1 Rh4 42. Ra6 f5 43. Rf6 g4 44. Rxf5 g3 45. Rg5 Rc4 46. Rxg3 Rc1+ 47.
Kh2 Ra1 48. Rg4 Rxa3 49. Kg3 Ke2 50. Rc4 Kf1 51. Rb4 Ra8 52. Rb1+ Ke2 53. Rb2+
Ke3 54. Rb5 Kd4 55. Rb4+ Ke5 56. f4+ Kf5 57. Rb5+ Ke4 58. Re5+ Kd4 59. Kf3 Ra3+
60. Kg4 Ra8 61. g3 Rg8+ 62. Rg5 Ra8 63. Rg7 Kd5 64. Kg5 Re8 65. g4 Ke6 66. f5+
Ke5 67. f6 Rf8 68. Re7+ Kd6 69. Kf5 Ra8 70. g5 Ra5+ 71. Kg6 Rb5 72. Re1 Rb8 73.
f7 Ra8 74. Re8 1-0

[Event "88th Hastings Masters"]
[Site "Hastings ENG"]
[Date "2013.01.01"]
[Round "5.38"]
[White "Dennis, Nigel W"]
[Black "Kent, Paul"]
[Result "1-0"]
[WhiteElo "1904"]
[BlackElo "1596"]
[WhiteFideId "408913"]
[BlackFideId "402214"]
[EventDate "2012.12.28"]

1. e4 d6 2. c4 g6 3. d4 Bg7 4. Nc3 c6 5. Nf3 Nf6 6. Be2 O-O 7. O-O Nh5 8. Ne1
Nf6 9. f4 e6 10. Be3 d5 11. e5 dxc4 12. exf6 Bxf6 13. Bxc4 Nd7 14. Nf3 Nb6 15.
Be2 Nd5 16. Nxd5 exd5 17. Ne5 Bg7 18. Bg4 f5 19. Be2 Bxe5 20. dxe5 b6 21. b4 Be6
22. Rc1 Rc8 23. a3 Rf7 24. g4 1-0

[Event "88th Hastings Masters"]
[Site "Hastings ENG"]
[Date "2013.01.01"]
[Round "5.40"]
[White "Spanton, Tim R"]
[Black "Pooley, Mark C"]
[Result "1-0"]
[WhiteElo "2020"]
[BlackElo "1693"]
[WhiteFideId "404802"]
[BlackFideId "423084"]
[EventDate "2012.12.28"]

1. g3 Nf6 2. c4 e6 3. Bg2 c6 4. Nf3 g6 5. b3 Bg7 6. Ba3 d6 7. Nc3 O-O 8. O-O Re8
9. Qc2 e5 10. e4 Na6 11. d4 Nc7 12. dxe5 dxe5 13. Rad1 Nd7 14. Bd6 a6 15. Rd3 h6
16. Rfd1 Re6 17. Bh3 Rxd6 18. Rxd6 Ne8 19. Rxd7 Bxd7 20. Rxd7 Qb6 21. Qd2 Nf6
22. Re7 Qb4 23. Rxe5 a5 24. Na4 Qxd2 25. Nxd2 Rd8 26. Nf3 Rd1+ 27. Kg2 Rc1 28.
Nc5 b5 29. cxb5 cxb5 30. Nb7 a4 31. Rc5 Ra1 32. e5 Ne4 33. e6 fxe6 34. Bxe6+ Kf8
35. Rc2 axb3 36. Bxb3 Ke7 37. Re2 Rc1 38. Rxe4+ Kd7 39. Nd4 b4 40. Nc2 Bf8 41.
Nxb4 Rc7 42. Rd4+ Kc8 43. Nd6+ Bxd6 44. Rxd6 Rg7 45. Be6+ Kb8 46. Nc6+ Kc7 47.
Rd7+ Rxd7 48. Bxd7 Kxd7 49. Kf3 Kxc6 50. Ke4 1-0

[Event "88th Hastings Masters"]
[Site "Hastings ENG"]
[Date "2013.01.01"]
[Round "5.41"]
[White "Willson, Ollie"]
[Black "Cekulis, Maris"]
[Result "1-0"]
[WhiteElo "1650"]
[BlackElo "1811"]
[WhiteFideId "424714"]
[BlackFideId "3217671"]
[EventDate "2012.12.28"]

1. c4 e5 2. Nc3 d6 3. Nf3 f5 4. d3 Nf6 5. g3 c6 6. Bg2 Be7 7. O-O Qc7 8. Bd2 O-O
9. Rc1 Be6 10. b4 h6 11. b5 c5 12. Rb1 Qd7 13. a4 e4 14. Nh4 Bf7 15. Bh3 Be6 16.
Ng6 Re8 17. Nf4 exd3 18. Nxe6 Qxe6 19. exd3 g5 20. Bg2 Qc8 21. Re1 Nbd7 22. Nd5
Ne5 23. Bc3 Kg7 24. Bxe5 dxe5 25. Rxe5 Bd6 26. Rxe8 Nxe8 27. b6 a6 28. Qe2 Rb8
29. Re1 Qd7 30. a5 Nf6 31. Nxf6 Kxf6 32. Qh5 Kg7 33. Bd5 Rf8 34. Re6 1-0

[Event "88th Hastings Masters"]
[Site "Hastings ENG"]
[Date "2013.01.02"]
[Round "6.3"]
[White "Sulskis, Sarunas"]
[Black "Kjartansson, Gudmundur"]
[Result "1-0"]
[WhiteTitle "GM"]
[BlackTitle "IM"]
[WhiteElo "2550"]
[BlackElo "2404"]
[WhiteFideId "12800112"]
[BlackFideId "2301318"]
[EventDate "2012.12.28"]

1. e4 c6 2. d4 d5 3. exd5 cxd5 4. c4 Nf6 5. Nc3 g6 6. Qb3 Bg7 7. cxd5 O-O 8. g3
e6 9. dxe6 Bxe6 10. Qxb7 Nbd7 11. Bg2 Rb8 12. Qxa7 Re8 13. Nge2 Bg4 14. h3 Bxe2
15. Nxe2 Qe7 16. Qa6 Qb4+ 17. Kf1 Rb5 18. Bf3 Rf5 19. Qd3 Rd8 20. Bf4 Nd5 21.
Bxd5 Rxd5 22. Qb3 Qxb3 23. axb3 Rb5 24. Kg2 Rxb3 25. Rhb1 Nb6 26. Ra3 Rb5 27. b4
Bf8 28. Bc7 Re8 29. Nc3 Rxb4 30. Bxb6 Rxb6 31. Rxb6 Bxa3 32. d5 Rd8 33. Kf3 Bc5
34. Rb5 Bd4 35. Ne4 Kg7 36. g4 h6 37. d6 Rd7 38. h4 f6 39. Rd5 Ba7 40. h5 gxh5
41. Rxh5 Rd8 42. Ng3 Bb8 43. Nf5+ Kf7 44. Rxh6 Rg8 45. Rh7+ Ke6 46. Ke4 Rxg4+
47. f4 1-0

[Event "88th Hastings Masters"]
[Site "Hastings ENG"]
[Date "2013.01.02"]
[Round "6.4"]
[White "Gao, Rui"]
[Black "Hamitevici, Vladimir"]
[Result "1-0"]
[WhiteTitle "IM"]
[BlackTitle "IM"]
[WhiteElo "2450"]
[BlackElo "2440"]
[WhiteFideId "8602387"]
[BlackFideId "13902393"]
[EventDate "2012.12.28"]

1. e4 g6 2. d4 Bg7 3. Nc3 c6 4. f4 d5 5. e5 Nh6 6. Be2 O-O 7. Nf3 Bg4 8. Be3 f6
9. h3 Bxf3 10. Bxf3 Nf5 11. Bf2 fxe5 12. fxe5 e6 13. O-O c5 14. dxc5 Nc6 15. Bg4
Bxe5 16. Ne2 Bxb2 17. Rb1 Be5 18. Rxb7 Rb8 19. Rb3 Qa5 20. Nc1 Rxb3 21. axb3 Bb8
22. Bxf5 gxf5 23. Re1 Rf6 24. c4 d4 25. Qf3 Qc7 26. Nd3 a5 27. Kf1 Rg6 28. Nf4
Qxf4 29. Qxc6 Be5 30. Qe8+ Kg7 31. Qe7+ Kg8 32. Qe8+ Kg7 33. Qe7+ Kg8 34. g3 Qf3
35. Rxe5 d3 36. Qe8+ Kg7 37. Qe7+ Kg8 38. Qd8+ Kg7 39. Ke1 Qh1+ 40. Kd2 Qb1 41.
Qxd3 Qb2+ 42. Kd1 Qxf2 43. Qd7+ Kf8 44. Qd8+ Kf7 45. Qd7+ Kf8 46. Rxe6 Rxe6 47.
Qxe6 Qxc5 48. Ke2 Kg7 49. Qe3 Qc8 50. Qe5+ Kg6 51. Qxa5 Qb7 52. Qc3 Qg2+ 53. Kd1
Qf1+ 54. Kc2 Qf2+ 55. Kc1 Qg1+ 56. Kb2 Qf2+ 57. Ka3 Qa7+ 58. Kb4 Qb7+ 59. Ka4
Qd7+ 60. Ka3 Qa7+ 61. Kb2 Qf2+ 62. Kc1 Qg1+ 63. Kc2 Qf2+ 64. Qd2 Qxg3 65. c5 Qf3
66. Qd6+ Kf7 67. Qd7+ Kf6 68. Qd4+ Ke7 69. Qd6+ Kf7 70. c6 Qe2+ 71. Kc3 Qe3+ 72.
Kb2 Qe2+ 73. Ka3 Qa6+ 74. Kb4 Qb6+ 75. Kc4 Qa6+ 76. Kc3 Qa1+ 77. Kb4 Qe1+ 78.
Ka4 Qa1+ 79. Kb5 Qf1+ 80. Kb6 Qf3 81. Qd7+ Kg6 82. Qe6+ Kg5 83. c7 1-0

[Event "88th Hastings Masters"]
[Site "Hastings ENG"]
[Date "2013.01.02"]
[Round "6.5"]
[White "Knott, Simon J B"]
[Black "Pert, Nicholas"]
[Result "1/2-1/2"]
[WhiteTitle "IM"]
[BlackTitle "GM"]
[WhiteElo "2325"]
[BlackElo "2557"]
[WhiteFideId "400645"]
[BlackFideId "403989"]
[EventDate "2012.12.28"]

1. Nf3 d5 2. d4 Nf6 3. c4 c6 4. e3 Bf5 5. Nc3 e6 6. Nh4 Bg6 7. Be2 Nbd7 8. O-O
Ne4 9. Nxg6 hxg6 10. Nxe4 Qh4 11. h3 dxe4 12. d5 Ne5 13. Qd4 Nf3+ 14. Bxf3 exf3
15. dxc6 bxc6 16. Rd1 Rd8 17. Qxd8+ 1/2-1/2

[Event "88th Hastings Masters"]
[Site "Hastings ENG"]
[Date "2013.01.02"]
[Round "6.9"]
[White "Farid, Firman Syah"]
[Black "McKenna, Jason P"]
[Result "1/2-1/2"]
[WhiteTitle "IM"]
[WhiteElo "2338"]
[BlackElo "2102"]
[WhiteFideId "7102526"]
[BlackFideId "403857"]
[EventDate "2012.12.28"]

1. c4 g6 2. Nc3 Bg7 3. g3 d6 4. Bg2 c5 5. Nf3 Nc6 6. O-O Nf6 7. d3 O-O 8. a3 Ne8
9. Bd2 Nc7 10. Rb1 Rb8 11. b4 b6 12. b5 Nd4 13. Ne1 Bb7 14. Bxb7 Rxb7 15. e3 Nf5
16. Qf3 Rb8 17. g4 Nh6 18. Qg2 Qd7 19. g5 Nf5 20. e4 Nd4 21. f4 f5 22. gxf6 Rxf6
23. Nf3 Nxf3+ 24. Rxf3 e6 25. Rbf1 Rbf8 26. Kh1 Kh8 27. Ne2 R6f7 28. Be1 Ne8 29.
Ng3 1/2-1/2

[Event "88th Hastings Masters"]
[Site "Hastings ENG"]
[Date "2013.01.02"]
[Round "6.10"]
[White "Burns-Mannion, Stephen R"]
[Black "Rudd, Jack"]
[Result "1-0"]
[WhiteTitle "IM"]
[BlackTitle "IM"]
[WhiteElo "2351"]
[BlackElo "2288"]
[WhiteFideId "2400111"]
[BlackFideId "405736"]
[EventDate "2012.12.28"]

1. e4 c5 2. Nf3 d6 3. d4 cxd4 4. Nxd4 Nf6 5. Nc3 a6 6. f4 Nbd7 7. Be2 g6 8. Bf3
Bg7 9. Nde2 Qb6 10. g4 h5 11. g5 Ng4 12. Bxg4 hxg4 13. Nd5 Qd8 14. Ng3 Nc5 15.
c3 Bd7 16. Qe2 e6 17. Ne3 Bb5 18. c4 Bc6 19. Nxg4 Qa5+ 20. Bd2 Qb6 21. Bc3 Bxc3+
22. bxc3 O-O-O 23. Qe3 d5 24. O-O dxe4 25. Rfb1 Qa5 26. Ne5 Rh4 27. Rb4 Nd3 28.
Nxc6 bxc6 29. Rb6 c5 30. Rb3 Rxf4 31. Nxe4 Rg4+ 32. Ng3 Rxc4 33. Qf3 Qc7 34. Rd1
Rd5 35. Rxd3 Rf4 36. Qg2 Qe5 37. Rb1 Qxg5 38. Rxd5 Qxd5 39. Qb2 Kd7 40. Qb8 e5
41. Qa7+ 1-0

[Event "88th Hastings Masters"]
[Site "Hastings ENG"]
[Date "2013.01.02"]
[Round "6.11"]
[White "Stewart, Neil"]
[Black "Kulaots, Kaido"]
[Result "0-1"]
[WhiteTitle "FM"]
[BlackTitle "GM"]
[WhiteElo "2264"]
[BlackElo "2581"]
[WhiteFideId "4636988"]
[BlackFideId "4500261"]
[EventDate "2012.12.28"]

1. c4 Nf6 2. g3 g6 3. Bg2 d5 4. cxd5 Nxd5 5. Nc3 Nb6 6. d3 Bg7 7. Be3 Nc6 8. Qc1
Nd4 9. Nf3 Nf5 10. Bd2 O-O 11. h4 h5 12. O-O c6 13. Ne4 Nd5 14. Nc5 Nd4 15. Nxd4
Bxd4 16. e4 Nc7 17. Nb3 Bg7 18. d4 Nb5 19. d5 cxd5 20. Qc5 Nd6 21. Qxd5 Be6 22.
Qg5 Bxb2 23. Rad1 Qc7 24. Ba5 b6 25. e5 Nf5 26. Bxa8 Rxa8 27. Bb4 a5 28. Rd2
Bxe5 29. Rc1 Qb7 30. Bc3 Bxc3 31. Rxc3 Qe4 32. Rcd3 a4 33. Nd4 Bd5 34. f3 Qe1+
35. Kg2 Bc4 36. Re2 Qb1 37. Nxf5 Qxd3 38. Nxe7+ Kh7 39. Rd2 Qf1+ 40. Kh2 Be2 41.
Qe3 Bxf3 42. g4 hxg4 43. Qf4 Qh1+ 0-1

[Event "88th Hastings Masters"]
[Site "Hastings ENG"]
[Date "2013.01.02"]
[Round "6.12"]
[White "Vovk, Andrey"]
[Black "Jaunooby, Ali R"]
[Result "1-0"]
[WhiteTitle "GM"]
[WhiteElo "2567"]
[BlackElo "2178"]
[WhiteFideId "14114470"]
[BlackFideId "413291"]
[EventDate "2012.12.28"]

1. e4 e6 2. d4 c5 3. Nf3 cxd4 4. Nxd4 Nf6 5. Nc3 Nc6 6. Ndb5 d6 7. Bf4 Ne5 8.
Qd4 a6 9. Nxd6+ Qxd6 10. Bxe5 Qxd4 11. Bxd4 Bb4 12. a3 Ba5 13. O-O-O O-O 14. f3
Bc7 15. Bc5 Bf4+ 16. Kb1 Re8 17. Bd6 Be3 18. Rd3 Ba7 19. Be2 b5 20. Rhd1 Bb7 21.
Be5 Bc5 22. g4 Rec8 23. Bd4 Be7 24. Bb6 Bc6 25. Ba5 Ne8 26. Na2 Nc7 27. Rc3 Ne8
28. Nb4 Bxb4 29. Bxb4 e5 30. Rc5 f6 31. c4 a5 32. cxb5 Bxe4+ 33. fxe4 axb4 34.
Rxc8 Rxc8 35. a4 Kf7 36. b6 Ke7 37. a5 Rb8 38. Bb5 Nd6 39. Rxd6 Kxd6 40. a6 Rxb6
41. a7 Rxb5 42. a8=Q b3 43. Qf8+ Kc6 44. Qxg7 Kc5 45. Qxf6 Kd4 46. Qf2+ Kc4 47.
Qe3 Kb4 48. Qc3+ Ka4 49. Qc4+ Ka5 50. g5 1-0

[Event "88th Hastings Masters"]
[Site "Hastings ENG"]
[Date "2013.01.02"]
[Round "6.14"]
[White "Flear, Glenn C"]
[Black "Rayner, Francis"]
[Result "1/2-1/2"]
[WhiteTitle "GM"]
[WhiteElo "2481"]
[BlackElo "2166"]
[WhiteFideId "400165"]
[BlackFideId "1800132"]
[EventDate "2012.12.28"]

1. d4 Nf6 2. c4 e6 3. Nc3 Bb4 4. Qc2 c5 5. dxc5 Bxc5 6. Nf3 Qb6 7. e3 Qc7 8. a3
a6 9. Bd3 b6 10. b4 Be7 11. Bb2 Bb7 12. Ne4 d6 13. Nxf6+ Bxf6 14. Bxf6 gxf6 15.
Rc1 Nd7 16. Be4 Ke7 17. O-O Rag8 18. Rfd1 f5 19. Bxb7 Qxb7 20. Ne1 Ne5 21. f4
Ng4 22. c5 dxc5 23. Qb3 Qe4 24. Rd3 Rd8 25. bxc5 Rxd3 26. Qxd3 bxc5 27. Rxc5 Rd8
28. Rc7+ Ke8 29. Qc3 Qxe3+ 30. Qxe3 Nxe3 31. Nf3 Ng4 32. Kf1 Rd3 33. Ng5 Nxh2+
34. Ke2 Rxa3 35. Nxf7 Ng4 36. Nd6+ Kd8 37. Rxh7 Ra2+ 38. Kf3 a5 39. Ra7 Ra3+ 40.
Ke2 Ra2+ 41. Kf3 Ra3+ 42. Ke2 Ne3 43. Nb5 Rb3 44. Nd4 Ra3 45. Nb5 Rb3 46. Nd4
Ra3 1/2-1/2

[Event "88th Hastings Masters"]
[Site "Hastings ENG"]
[Date "2013.01.02"]
[Round "6.16"]
[White "Jones, William E G"]
[Black "Rendle, Thomas E"]
[Result "1/2-1/2"]
[BlackTitle "IM"]
[WhiteElo "2094"]
[BlackElo "2381"]
[WhiteFideId "470554"]
[BlackFideId "408760"]
[EventDate "2012.12.28"]

1. e4 c5 2. Nf3 Nc6 3. d4 cxd4 4. Nxd4 Qb6 5. Nb3 Nf6 6. Nc3 e6 7. Qe2 Bb4 8.
Bd2 O-O 9. a3 Bxc3 10. Bxc3 e5 11. O-O-O Re8 12. f3 a5 13. Kb1 a4 14. Nc1 Rd8
15. Na2 d5 16. Qb5 Qf2 17. exd5 Nd4 18. Bxd4 exd4 19. Qe2 Qxe2 20. Bxe2 Rxd5 21.
Nb4 Rd6 22. Rd2 Ra5 1/2-1/2

[Event "88th Hastings Masters"]
[Site "Hastings ENG"]
[Date "2013.01.02"]
[Round "6.17"]
[White "Ashton, Adam G"]
[Black "Sreeves, Clement"]
[Result "1/2-1/2"]
[WhiteTitle "FM"]
[WhiteElo "2366"]
[BlackElo "2223"]
[WhiteFideId "410110"]
[BlackFideId "2402564"]
[EventDate "2012.12.28"]

1. e4 e5 2. Nf3 Nc6 3. Bb5 a6 4. Ba4 Nf6 5. O-O Be7 6. Re1 b5 7. Bb3 d6 8. c3
O-O 9. h3 Na5 10. Bc2 c5 11. d4 Qc7 12. d5 Bd7 13. Nbd2 c4 14. Nf1 Nb7 15. Ng3
Nc5 16. b4 cxb3 17. axb3 a5 18. Bd2 Qb7 19. b4 axb4 20. cxb4 Rxa1 21. Qxa1 Ra8
22. Qb1 Na4 23. Bd3 Bd8 24. Be3 Nb6 25. Nd2 Ra4 26. Rc1 g6 27. Ne2 Ra8 28. Nc3
Na4 29. Ne2 Rc8 30. Nb3 Rxc1+ 31. Qxc1 Bb6 32. Na5 Qc7 33. Qxc7 Bxc7 34. Nc6
Bxc6 35. dxc6 Nb2 36. Bxb5 Nxe4 37. f3 Nd1 38. Ba7 Nec3 39. Nxc3 Nxc3 40. Bc4
Na4 41. g4 Kf8 42. g5 Kg7 43. Kf2 f6 44. Bb3 Nc3 45. h4 fxg5 46. hxg5 h6 47.
gxh6+ Kxh6 48. Be3+ Kg7 49. Ke1 d5 50. Kd2 d4 51. Bg1 Kf6 52. f4 Ke7 53. fxe5
Bxe5 54. Kd3 Kd6 55. Bxd4 Bxd4 56. Kxd4 Nb5+ 57. Kc4 Na3+ 58. Kc3 Kxc6 59. Ba4+
Kb6 60. Kd4 1/2-1/2

[Event "88th Hastings Masters"]
[Site "Hastings ENG"]
[Date "2013.01.02"]
[Round "6.19"]
[White "Kvisla, Johannes Luangtep"]
[Black "Ledger, Dave J"]
[Result "1-0"]
[BlackTitle "FM"]
[WhiteElo "2148"]
[BlackElo "2266"]
[WhiteFideId "1504533"]
[BlackFideId "401986"]
[EventDate "2012.12.28"]

1. e4 e5 2. Nf3 Nc6 3. Bb5 a6 4. Ba4 Nf6 5. O-O Be7 6. Re1 b5 7. Bb3 d6 8. c3
O-O 9. d4 Bg4 10. Be3 Bh5 11. h3 exd4 12. cxd4 Na5 13. Bc2 Nc4 14. Bc1 d5 15. e5
Ne4 16. g4 Bg6 17. b3 Nb6 18. Re3 f5 19. exf6 Bxf6 20. Nbd2 Nxf2 21. Kxf2 Bxd4
22. Bxg6 hxg6 23. Nf1 Bxa1 24. Ba3 Qf6 25. g5 Qd4 26. Qe1 Qh4+ 27. Ng3 Bd4 28.
Kg2 Qf4 29. Nxd4 Qxd4 30. Bxf8 Rxf8 31. Qe2 Qf4 32. Re7 d4 33. Qe6+ Rf7 34. h4 1-0